000
00216nam a2200085Ia 4500
008
120527s9999 xx 000 0 und d
100
_a
ADEYEMI, Kunle
245
_a
A glimpse at Nigeria democratic stability
942
_c
BK
999
_c
25258
_d
25258